000 00388 a2200157 4500
001 152990
040 _cEscola São Tomás de Aquino
100 _aLADEIRA, Julieta de Godoy
240 1 0 _aContos brasileiros conteporâneos
_lpor
245 1 0 _aContos brasileiros conteporâneos
300 _a151
362 0 _a2005
440 1 _aModerna
697 _a*LITERATURA JUVENIL
942 _cBK
999 _c152990
_d152990